000
00225 a2200097 4500
001
18159
100
_a
Roberts, N P
245
_a
Worked example in the theory of Structures
260
_a
_b
Macdonald
_c
090
_c
13453
_d
13453
942
_a
NUST-CAE
_c
M
_c
3840
999
_c
253232
_d
253232